000 00279nam a2200121Ia 4500
008 190216s9999||||xx |||||||||||||| ||und||
100 _aVishnu Prabhakar
245 0 _aHindi-Yodhom Ki Chad Me
260 _bSunil Sahithya Sadan
300 _a127
650 _aHindi
942 _cBK
999 _c16317
_d16317